2015 NFL Depth Chart QB's - Statistics

General Stats
  • This quiz has been taken 1,335 times
    1,227 since last reset
  • The average score is 45 of 81
Answer Stats
Team No. QB % Correct
Atlanta Falcons 2 Matt Ryan
95%
Arizona Cardinals 3 Carson Palmer
94%
Carolina Panthers 1 Cam Newton
93%
New York Giants 10 Eli Manning
93%
Denver Broncos 18 Peyton Manning
93%
Kansas City Chiefs 11 Alex Smith
91%
New England Patriots 12 Tom Brady
91%
7 Geno Smith
90%
Baltimore Ravens 5 Joe Flacco
90%
Green Bay Packers 12 Aaron Rodgers
89%
Detroit Lions 9 Matthew Stafford
88%
Indianapolis Colts 12 Andrew Luck
87%
Cincinatti Bengals 14 Andy Dalton
87%
New Orleans Saints 9 Drew Brees
87%
Chicago Bears 6 Jay Cutler
87%
San Diego Chargers 17 Philip Rivers
87%
Seattle Seahawks 3 Russell Wilson
86%
Dallas Cowboys 9 Tony Romo
86%
Pittsburgh Steelers 7 Ben Roethlisberger
84%
Oakland Raiders 4 Derek Carr
84%
Tampa Bay Buccaneers 3 Jameis Winston
84%
Washington Redskins 8 Kirk Cousins
84%
Buffalo Bills 5 Tyrod Taylor
84%
Miami Dolphins 17 Ryan Tannehill
83%
Tennessee Titans 8 Marcus Mariota
82%
Jacksonville Jaguars 5 Blake Bortles
81%
Minnesota Vikings 5 Teddy Bridgewater
80%
San Francisco 49ers 7 Colin Kaepernick
78%
New York Jets 14 Ryan Fitzpatrick
78%
Philadelphia Eagles 7 Sam Bradford
77%
St. Louis Rams 5 Nick Foles
73%
Cleveland Browns 13 Josh McCown
67%
7 Luke McCown
67%
2 Michael Vick
66%
17 Brock Osweiler
65%
2 Johnny Manziel
61%
10 Robert Griffin III
61%
Houston Texans 7 Brian Hoyer
60%
4 Ryan Griffin
59%
17 Case Keenum
56%
2 Blaine Gabbert
55%
3 EJ Manuel
55%
8 Matt Schaub
53%
3 Landry Jones
52%
3 Mark Sanchez
51%
10 Jimmy Garoppolo
50%
5 AJ McCarron
46%
17 Tarvaris Jackson
46%
3 Derek Anderson
45%
16 Matt Cassel
44%
8 Matt Moore
44%
13 Shaun Hill
44%
16 Colt McCoy
43%
5 Drew Stanton
43%
8 Mike Glennon
43%
3 Brandon Weeden
42%
7 Chad Henne
42%
10 Chase Daniel
35%
8 Matt Hasselbeck
34%
15 Ryan Mallett
34%
7 Brett Hundley
32%
9 Matt Barkley
27%
9 Bryce Petty
26%
14 Joe Webb
26%
14 Matt McGloin
25%
16 Scott Tolzien
25%
7 Zach Mettenberger
25%
7 Austin Davis
22%
3 Trevor Siemian
22%
12 Charlie Whitehurst
20%
8 Dan Orlovsky
20%
8 Jimmy Clausen
20%
12 Ryan Nassib
17%
7 Aaron Murray
13%
14 Sean Mannion
13%
10 Kellen Clemens
12%
12 David Fales
7%
18 Garrett Grayson
7%
12 Sean Renfree
5%
6 Taylor Heinicke
5%
4 Stephen Morris
2%
No matching quizzes found
Score Distribution
Percent of People with Each Score
Percentile by Number Answered
Your Score History
You have not taken this quiz since the last reset